<?xml version="1.0" encoding="UTF-8"?>
<marc:record xmlns:marc="http://www.loc.gov/MARC21/slim">
   <marc:leader>00000nam a2200000 a 4500</marc:leader>
   <marc:datafield ind1="0" ind2="0" tag="245">
      <marc:subfield code="a">The original  Rummikub</marc:subfield>
   </marc:datafield>
   <marc:datafield ind1="0" ind2="0" tag="245">
      <marc:subfield code="b">brings poeple together The family game that´s never the same</marc:subfield>
   </marc:datafield>
   <marc:datafield ind1=" " ind2="1" tag="264">
      <marc:subfield code="b">Piatnik</marc:subfield>
   </marc:datafield>
   <marc:datafield ind1="1" ind2=" " tag="520">
      <marc:subfield code="a">Für 2-4 Spieler
ab 7 Jahren
mind. 30 Minuten

Rummikub, das weltbekannte Familienspiel, bei dem es um Zahlenreihen und -gruppen geht, bietet Stunden an Unterhaltung. Zuerst müssen 30 Punkte ausgelegt werden, bevor in der interessanten Phase des Manipulierens Steine umgelegt und ausgetauscht werden können. Wer als erster alle Steine auf dem Tisch abgelegt hat und laut "Rummikub" ruft, vermeidet Minuspunkte und bekommt die Summe aller Punkte seiner Mitspieler als Plus gutgeschrieben!</marc:subfield>
   </marc:datafield>
</marc:record>
